Statistiche per Paesi cattolici

Clicka qui per fare il quiz!

Statistiche generali

  • Questo quiz è stato fatto 2.027 volte
  • Il punteggio medio è 28 su 47

Statistiche sulle risposte

%Paese% Corretto
83.0Italia
99%
69.6Spagna
96%
60.0Francia
96%
100Città del Vaticano
93%
84.5Portogallo
91%
71.0Argentina
90%
61.0Brasile
90%
90.5San Marino
87%
81.0Messico
84%
58.8Austria
80%
55.0Cile
79%
75.1Colombia
78%
88.2Andorra
77%
73.0Venezuela
76%
85.8Polonia
75%
76.0Perù
75%
88.0Paraguay
74%
53.1Slovenia
73%
82.3Monaco
72%
58.0Belgio
71%
86.3Croazia
70%
88.6Malta
70%
76.0Bolivia
69%
78.3Irlanda
68%
74.0Ecuador
67%
51.7Cuba
66%
70.0Panama
64%
65.9Lussemburgo
63%
75.9Liechtenstein
58%
54.7Haiti
53%
62.0Costa Rica
53%
62.0Slovacchia
52%
50.0Nicaragua
52%
57.0Repubblica Dominicana
48%
81.4Filippine
46%
77.2Lituania
35%
58.1Dominica
33%
61.3Saint Lucia
27%
77.3Capo Verde
20%
73.5Sao Tome e Principe
16%
96.9Timor Est
15%
76.2Seychelles
14%
80.7Guinea Equatoriale
13%
54.7Stati Federati di
Micronesia
11%
55.8Kiribati
10%
50.0Gabon
10%
62.1Burundi
9%

Distribuzione punteggi

Percentile per numero di risposta

Percentuale di utenti per punteggio

I tuoi punteggi nel tempo

Non hai fatto questo quiz